Memoirs of the warrior Kumagai : (Record no. 13091)
[ view plain ]
| 000 -LEADER | |
|---|---|
| fixed length control field | 00415cam a2200157Ia 4500 |
| 020 ## - INTERNATIONAL STANDARD BOOK NUMBER | |
| ISBN | 0804821267 |
| 040 ## - CATALOGING SOURCE | |
| Transcribing agency | HLS |
| 082 ## - DEWEY DECIMAL CLASSIFICATION NUMBER | |
| Classification number | 813 C.E 1999 A095 Or. |
| 100 1# - MAIN ENTRY--AUTHOR NAME | |
| Personal name | Richie, Donald, |
| 245 10 - TITLE STATEMENT | |
| Title | Memoirs of the warrior Kumagai : |
| Remainder of title | a historical novel / |
| 246 30 - VARYING FORM OF TITLE | |
| Title proper/short title | Kumagai |
| 250 ## - EDITION STATEMENT | |
| Edition statement | 1st ed |
| 260 ## - PUBLICATION, DISTRIBUTION, ETC. (IMPRINT) | |
| Place of publication | Rutland, Vt. ; |
| -- | Tokyo, Japan : |
| Name of publisher | C.E. Tuttle, |
| Year of publication | 1999, c1998 |
| 300 ## - PHYSICAL DESCRIPTION | |
| Number of Pages | 247 p. ; |
| Dimensions | 22 cm |
| 942 ## - ADDED ENTRY ELEMENTS (KOHA) | |
| Koha item type | សៀវភៅភាសាអង់គ្លេស |
| 952 ## - LOCATION AND ITEM INFORMATION (KOHA) | |
| Withdrawn status [LOCAL, KOHA] | 0 |
| Permanent Location | Date acquired | Koha item type | Lost status | Shelving location | Barcode | Current Location | Full call number |
|---|---|---|---|---|---|---|---|
| Library Block A | 2017-08-19 | សៀវភៅភាសាអង់គ្លេស | A095 | a20332 | Library Block A | 813 C.E 1999 A095 Or. |